000
00313 a2200109 4500
001
ART_6224
005
20260410161825.0
008
260409a
245
1
0
_a
La empresa en el Derecho Tributario Argentino
100
1
_a
Le Pera, Alfredo
773
0
_t
FACES
_g
- Año 3, Nº 4 (oct. 1997)
_w
REV5046
999
_c
22722
_d
22722